Professional Sports Teams - Sudden Death - Statistics

General Stats
  • This quiz has been taken 806 times
  • The average score is 15 of 26
Answers on the Grid
Answers color-coded by a green-red scale on the quiz's grid according to % correct below.
Arizona Titans
Miami Dolphins
Arsenal
Bayern Munich
Boston Bruins
Chicago White Sox
New York Crew
Chennai Super Kings
Miami Hawks
Melbourne Bombers
Sydney Roosters
Minnesota Mariners
Los Angeles Lakers
Collingwood Magpies
Brooklyn Bulls
Dallas Cowboys
Mumbai Indians
New York Knicks
Brisbane Broncos
Melbourne Panthers
Atlanta Red Sox
Inner Manchester FC
Philadelphia Phillies
Toronto Raptors
Inter Milan
Delhi Knight Riders
New York Yankees
LA Galaxy
Atlético de Barcelona
Manchester United
Utah Mammoth
New York Kings
Minnesota Commanders
Richmond Tigers
Paris Saint-Germain
Flamengo
Vancouver Canucks
Real Madrid
Toronto Canadians
Carolina Panthers
 
Answer Stats
Answer % Correct
NFL Miami Dolphins
91%
Premier League Arsenal
88%
NBA Los Angeles Lakers
84%
Bundesliga Bayern Munich
81%
MLB Chicago White Sox
81%
NFL Dallas Cowboys
81%
NBA New York Knicks
79%
NHL Boston Bruins
76%
MLB New York Yankees
76%
MLS LA Galaxy
74%
NBA Toronto Raptors
74%
Premier League Manchester United
73%
La Liga Real Madrid
70%
Serie A Inter Milan
68%
MLB Philadelphia Phillies
64%
Ligue 1 Paris Saint-Germain
60%
NFL Carolina Panthers
58%
NHL Vancouver Canucks
56%
NHL Utah Mammoth
41%
Campeonato Brasileiro Série A Flamengo
40%
IPL Chennai Super Kings
32%
NRL Brisbane Broncos
20%
IPL Mumbai Indians
17%
NRL Sydney Roosters
17%
AFL Collingwood Magpies
15%
AFL Richmond Tigers
10%
No matching quizzes found
Score Distribution
Percent of People with Each Score
Percentile by Number Answered
Your Score History
You have not taken this quiz